[Event "Botvinnik 100th Open"]
[Site "St Petersburg RUS"]
[Date "2011.08.13"]
[Round "2"]
[White "Ponkratov, Pavel"]
[Black "Martynenko, Andrei"]
[Result "1-0"]
[WhiteTitle "GM"]
[BlackTitle "FM"]
[WhiteElo "2593"]
[BlackElo "2357"]
[WhiteFideId "4157800"]
[BlackFideId "4167996"]
[EventDate "2011.08.12"]

1. Nf3 Nf6 2. c4 g6 3. Nc3 Bg7 4. e4 d6 5. d4 O-O 6. h3 e5 7. d5 Na6 8. Be3 Nc5
9. Nd2 a5 10. g4 c6 11. Be2 Bd7 12. h4 cxd5 13. cxd5 a4 14. g5 Ne8 15. h5 Nc7
16. Kf1 b5 17. a3 Rb8 18. Na2 N7a6 19. Rc1 b4 20. Kg2 bxa3 21. bxa3 Nc7 22. Nb4
Nb5 23. hxg6 fxg6 24. Nc6 Bxc6 25. dxc6 Rf4 26. Bc4+ Kf8 27. Bxf4 exf4 28. Nf3
Nxa3 29. Ba2 Rb3 30. Rxc5 1-0

[Event "Botvinnik 100th Open"]
[Site "St Petersburg RUS"]
[Date "2011.08.13"]
[Round "2"]
[White "Nikolaev, Leonid"]
[Black "Yemelin, Vasily"]
[Result "0-1"]
[WhiteTitle "FM"]
[BlackTitle "GM"]
[WhiteElo "2342"]
[BlackElo "2592"]
[WhiteFideId "14103249"]
[BlackFideId "4113217"]
[EventDate "2011.08.12"]

1. d4 Nf6 2. Nf3 d5 3. c4 e6 4. e3 c5 5. Nc3 Nc6 6. cxd5 Nxd5 7. Bd3 cxd4 8.
exd4 Bb4 9. Bd2 O-O 10. O-O Be7 11. a3 Bf6 12. Be3 Nxe3 13. fxe3 g6 14. Rc1 Bg7
15. Qe2 Qe7 16. Bc4 Bd7 17. Rcd1 Rad8 18. Kh1 Bc8 19. Ba2 Kh8 20. Qf2 f5 21. Qg3
Bf6 22. Rfe1 Qd6 23. Qh3 Qc7 24. d5 exd5 25. Nxd5 Qg7 26. Nxf6 Qxf6 27. Qh6 Qg7
28. Qh4 Rxd1 29. Rxd1 Qxb2 30. Ng5 h5 31. Bd5 Qe2 32. Bf3 Qxe3 33. Bxc6 bxc6 34.
Re1 Qc3 35. Nf3 f4 36. Qg5 Kg7 37. Re7+ Rf7 38. Rxf7+ Kxf7 39. Qxf4+ Bf5 40.
Ng5+ Ke7 41. h4 Kd7 42. a4 Qd3 43. Kg1 Qd1+ 44. Kf2 Qg4 45. Qd2+ Kc8 46. Nf3
Qxa4 47. Qd6 Qa2+ 48. Kg3 Qd5 49. Qa3 a5 50. Qc3 Kb7 51. Nd4 Qd6+ 52. Kf3 Be6
53. Qb2+ Kc7 54. Qc3 Bd5+ 55. Kf2 Qf4+ 56. Kg1 Kb6 57. Qb2+ Kc7 58. Qc3 Kb6 59.
Qb2+ Kc5 60. Nc2 Qd2 61. Qa3+ Kb6 62. Qb2+ Ka6 0-1

[Event "Botvinnik 100th Open"]
[Site "St Petersburg RUS"]
[Date "2011.08.13"]
[Round "2"]
[White "Sedlak, Nikola"]
[Black "Aitbayev, Aslan"]
[Result "0-1"]
[WhiteTitle "GM"]
[WhiteElo "2580"]
[BlackElo "2346"]
[WhiteFideId "922900"]
[BlackFideId "13704613"]
[EventDate "2011.08.12"]

1. d4 e6 2. c4 f5 3. g3 Nf6 4. Bg2 c6 5. Nh3 d6 6. Nc3 Be7 7. e4 e5 8. dxe5 dxe5
9. O-O O-O 10. Qxd8 Rxd8 11. Re1 fxe4 12. Ng5 Na6 13. Ngxe4 Nb4 14. Re2 Bg4 15.
Rd2 Rd4 16. Nxf6+ gxf6 17. Rxd4 exd4 18. Ne4 Be6 19. b3 a5 20. Bb2 a4 21. bxa4
c5 22. Nd2 Rxa4 23. Bxb7 Nd3 24. Bc1 Ne5 25. f4 Nxc4 26. Bc6 Ra7 27. a4 Nxd2 28.
Bxd2 c4 29. f5 Bf7 30. Bh6 c3 31. Bb5 Bd5 32. a5 Be4 33. Kf2 Bc5 34. Bc4+ Kh8
35. Ke2 Rb7 36. a6 Rb2+ 37. Ke1 d3 38. a7 Re2+ 39. Kd1 c2+ 40. Kc1 Re1+ 41. Kb2
Bd4+ 0-1

[Event "Botvinnik 100th Open"]
[Site "St Petersburg RUS"]
[Date "2011.08.13"]
[Round "2"]
[White "Duzhakov, Ilya"]
[Black "Maletin, Pavel"]
[Result "0-1"]
[WhiteTitle "FM"]
[BlackTitle "GM"]
[WhiteElo "2338"]
[BlackElo "2575"]
[WhiteFideId "4192516"]
[BlackFideId "4146786"]
[EventDate "2011.08.12"]

1. d4 Nf6 2. c4 e6 3. g3 Bb4+ 4. Bd2 Qe7 5. Nf3 Nc6 6. Nc3 O-O 7. Bg2 Na5 8. b3
b6 9. O-O Bb7 10. Re1 Ne4 11. Nxe4 Bxe4 12. Bxb4 Qxb4 13. Ne5 Bxg2 14. Kxg2 Rad8
15. Rc1 Qe7 16. e4 d6 17. Nd3 Nc6 18. d5 Nd4 19. e5 c5 20. dxc6 Nxc6 21. Qf3
dxe5 22. Nxe5 Nxe5 23. Rxe5 Rd2 24. Re2 Qd6 25. Rxd2 Qxd2 26. Qc3 Qe2 27. Re1
Qh5 28. Qe5 Qxe5 29. Rxe5 Rc8 30. Kf3 Kf8 31. a4 Rc5 32. Ke4 Ke7 33. f4 f6 34.
Rxc5 bxc5 35. g4 g6 36. a5 Kd6 37. h4 f5+ 38. gxf5 gxf5+ 39. Kd3 e5 40. Ke3 e4
41. Kd2 Kc6 42. Kc3 Kb7 43. b4 cxb4+ 44. Kxb4 Kc6 45. h5 h6 46. c5 Kd5 47. a6 e3
48. Kc3 Kxc5 49. Kd3 e2 50. Kxe2 Kd4 0-1

[Event "Botvinnik 100th Open"]
[Site "St Petersburg RUS"]
[Date "2011.08.13"]
[Round "2"]
[White "Dvoirys, Semen I."]
[Black "Biriukov, Oleg V."]
[Result "1-0"]
[WhiteTitle "GM"]
[BlackTitle "IM"]
[WhiteElo "2554"]
[BlackElo "2339"]
[WhiteFideId "4100379"]
[BlackFideId "4123174"]
[EventDate "2011.08.12"]

1. e4 c5 2. Nf3 d6 3. c3 Nf6 4. Bd3 Nc6 5. Bc2 Bg4 6. d3 e6 7. Nbd2 d5 8. h3 Bh5
9. Qe2 Qc7 10. g4 Bg6 11. h4 h6 12. Rg1 Bd6 13. Ba4 dxe4 14. dxe4 Nd7 15. Nc4
Nb6 16. Nxd6+ Qxd6 17. Bc2 O-O-O 18. h5 Bh7 19. Be3 f6 20. Qb5 Nd7 21. Nd2 a6
22. Qe2 Nde5 23. O-O-O Nd3+ 24. Kb1 b5 25. Nb3 c4 26. Nc5 Nce5 27. f4 Qc6 28.
fxe5 Nxc5 29. Bxc5 Qxc5 30. exf6 gxf6 31. Qf3 Qe5 32. Qe3 Kb7 33. a4 bxa4 34.
Rd4 Rxd4 35. cxd4 Qb5 36. Ka1 Rb8 37. Qxh6 Ka8 38. Rb1 Qb4 39. Qe3 Rb5 40. Qc3
a5 41. Rf1 Rg5 42. Rxf6 Rxg4 43. Rxe6 Rg1+ 44. Bb1 a3 45. Qxa3 Qxa3+ 46. bxa3 c3
47. Re8+ Kb7 48. Ka2 Bg8+ 49. d5 a4 50. Bd3 Rg3 51. h6 Kb6 52. Rc8 Rxd3 53. Rxg8
Rh3 54. Rc8 1-0

[Event "Botvinnik 100th Open"]
[Site "St Petersburg RUS"]
[Date "2011.08.13"]
[Round "2"]
[White "Nadjezhdin, Dmitry"]
[Black "Kovchan, Alexander"]
[Result "0-1"]
[WhiteTitle "IM"]
[BlackTitle "GM"]
[WhiteElo "2329"]
[BlackElo "2554"]
[WhiteFideId "4126173"]
[BlackFideId "14103052"]
[EventDate "2011.08.12"]

1. d4 Nf6 2. Nf3 g6 3. g3 d5 4. Bg2 c6 5. O-O Bg7 6. Bf4 O-O 7. Qc1 Bf5 8. c4
Nbd7 9. Ne5 Be4 10. Bh3 dxc4 11. Nxc4 Nb6 12. Rd1 Nxc4 13. Qxc4 Nd5 14. Nc3 Nxf4
15. gxf4 Bd5 16. Nxd5 cxd5 17. Qb5 e6 18. e3 Qe7 19. Rac1 Rfc8 20. Qa5 Bf8 21.
Qd2 Qb4 22. Qxb4 Bxb4 23. Bf1 Kf8 24. Bd3 Ke7 25. Kf1 Bd6 26. Ke2 h6 27. h3 Kf6
28. Kf3 g5 29. fxg5+ hxg5 30. Rxc8 Rxc8 31. Rg1 Rh8 32. Kg2 Rc8 33. Kf3 b6 34.
Re1 e5 35. dxe5+ Bxe5 36. b3 Rh8 37. Kg2 Rc8 38. Rd1 Ke6 39. Kf3 Rh8 40. Kg2 Rc8
41. Kf3 f5 42. Rg1 Kf6 43. Rd1 d4 44. e4 f4 45. Kg4 Bd6 46. h4 gxh4 47. Kxh4 Ke5
48. f3 Rc7 49. Kh3 Rg7 50. Kh2 Rg3 51. Be2 Bc5 52. Rf1 Rg7 53. Bd3 Rg3 54. Be2
Kd6 55. Rd1 a5 56. a4 Ke5 57. Rf1 Be7 58. Kh1 Bb4 59. Rd1 Bc3 60. Rg1 d3 61.
Bxd3 Rxf3 62. Rg5+ Kd4 63. Rd5+ Ke3 64. e5 Rh3+ 65. Kg2 Rh5 66. Bc4 f3+ 67. Kg3
Be1+ 68. Kg4 Rh4+ 69. Kg5 Rxc4 0-1

[Event "Botvinnik 100th Open"]
[Site "St Petersburg RUS"]
[Date "2011.08.13"]
[Round "2"]
[White "Epishin, Vladimir"]
[Black "Alekseenko, Kirill"]
[Result "1-0"]
[WhiteTitle "GM"]
[BlackTitle "FM"]
[WhiteElo "2553"]
[BlackElo "2339"]
[WhiteFideId "4162714"]
[BlackFideId "4135539"]
[EventDate "2011.08.12"]

1. d4 d5 2. Nf3 Nf6 3. c4 dxc4 4. e3 Bg4 5. Bxc4 e6 6. O-O a6 7. Be2 Bd6 8. Nbd2
Nc6 9. h3 Bh5 10. Re1 O-O 11. a3 Qe8 12. e4 Bxf3 13. Nxf3 Nxe4 14. Bc4 Nf6 15.
d5 Nd8 16. Bg5 Nd7 17. Bxd8 Qxd8 18. dxe6 fxe6 19. Rxe6 Kh8 20. Qe2 Nc5 21. Re3
Bf4 22. Rc3 Na4 23. Rc2 Re8 24. Qf1 Qf6 25. Bb3 Nb6 26. Re1 Bd6 27. Rxe8+ Rxe8
28. Re2 Rf8 29. Qe1 Nd7 30. Ba2 g6 31. b4 a5 32. bxa5 Nc5 33. Bc4 Kg7 34. Re3 g5
35. g3 Ne4 36. Rxe4 Qxf3 37. Re3 Qf5 38. Bd3 Qf6 39. Be4 Bc5 40. Re2 c6 41. Kg2
Rf7 42. a4 Re7 43. Qd2 h6 44. Qd3 Qd4 45. Qxd4+ Bxd4 46. Bd3 Rxe2 47. Bxe2 Kf6
48. f4 gxf4 49. gxf4 Bc3 50. a6 bxa6 51. Bxa6 Ke6 52. Kf3 Bb4 53. Ke4 Be1 54.
Bd3 Ba5 55. Kd4 Kd6 56. Bg6 Bb6+ 57. Ke4 Ke7 58. Bh5 Ba5 59. Kf5 Bd2 60. Bf3 Kd6
61. Bg2 Kd7 62. Ke5 Bc3+ 63. Ke4 Kd6 64. Kd3 Ba5 65. Kc4 Bd2 66. f5 Ba5 67. h4
Be1 68. h5 Ba5 69. Bh3 Bd8 70. Kb4 Kd5 71. a5 Ke5 72. a6 Bb6 73. Kc4 Ba7 74. Kd3
Bb6 75. Kc4 Ba7 76. Kd3 Bb6 77. Ke2 Ba7 78. Kf3 Bb6 79. Kg4 Ba7 80. Bg2 Kd6 81.
Bxc6 Ke5 82. Bd7 Bb6 83. Bc8 Ba7 84. Kf3 Bg1 85. Ke2 Bb6 86. Kd3 Bg1 87. Kc4 Bf2
88. Kb5 Kf6 89. Kc6 Kg5 90. Kd6 Kf6 91. Be6 Bg1 92. Kd7 Bc5 93. Kc6 Bf2 94. Kb7 1-0

[Event "Botvinnik 100th Open"]
[Site "St Petersburg RUS"]
[Date "2011.08.13"]
[Round "2"]
[White "Popov, Valerij"]
[Black "Derbenev, Andrey"]
[Result "1/2-1/2"]
[WhiteTitle "GM"]
[WhiteElo "2550"]
[BlackElo "2331"]
[WhiteFideId "4119410"]
[BlackFideId "4154169"]
[EventDate "2011.08.12"]

1. d4 Nf6 2. c4 e6 3. g3 c5 4. d5 exd5 5. cxd5 d6 6. Nc3 g6 7. Nf3 Bg7 8. Bg2
O-O 9. O-O Na6 10. Re1 Rb8 11. e4 Bg4 12. h3 Bxf3 13. Qxf3 Nd7 14. Qe2 Nc7 15.
a4 a6 16. Bf4 Ne5 17. a5 b5 18. axb6 Rxb6 19. Na4 Rb8 20. Nc3 Rb6 21. Na4 Rb8
22. Nc3 Rb6 1/2-1/2

[Event "Botvinnik 100th Open"]
[Site "St Petersburg RUS"]
[Date "2011.08.13"]
[Round "2"]
[White "Smikovski, Ivan"]
[Black "Ivanov, Timur"]
[Result "1-0"]
[WhiteTitle "IM"]
[BlackTitle "IM"]
[WhiteElo "2541"]
[BlackElo "2325"]
[WhiteFideId "4124650"]
[BlackFideId "4115350"]
[EventDate "2011.08.12"]

1. e4 c5 2. Nf3 Nc6 3. d4 cxd4 4. Nxd4 g6 5. c4 Bg7 6. Be3 Nf6 7. Nc3 d6 8. Be2
O-O 9. O-O Bd7 10. Nc2 Qa5 11. Rb1 Rfc8 12. b4 Qd8 13. h3 Ne5 14. c5 Be6 15. Nd4
Bc4 16. f4 Bxe2 17. Qxe2 Ned7 18. Nb3 Nh5 19. Rfc1 b6 20. Na4 bxc5 21. bxc5 Nxc5
22. Naxc5 dxc5 23. e5 Ng3 24. Qf3 c4 25. Nd4 Nf5 26. Nxf5 gxf5 27. Rb7 Rab8 28.
Rxb8 Rxb8 29. Rxc4 Qa5 30. Qf2 a6 31. Rc5 Qb4 32. Rc7 e6 33. Kh2 h6 34. Ra7 Qc4
35. Qd2 Qc6 36. Qd6 Rc8 37. Qe7 Qe8 38. Qb7 Bf8 39. Qxa6 Rb8 40. a4 Qd8 41. Qc6
Bb4 42. Qf3 Be1 43. Qh5 Qf8 44. Qd1 Bh4 45. Qd6 Qxd6 46. exd6 Rb3 47. g3 Bxg3+
48. Kxg3 Rxe3+ 49. Kh4 Rd3 50. d7 Kg7 51. a5 Kf6 52. a6 Ke7 53. Rb7 Ra3 54. a7 1-0

[Event "Botvinnik 100th Open"]
[Site "St Petersburg RUS"]
[Date "2011.08.13"]
[Round "2"]
[White "Kurilov, Viktor"]
[Black "Yakovich, Yuri"]
[Result "0-1"]
[BlackTitle "GM"]
[WhiteElo "2312"]
[BlackElo "2539"]
[WhiteFideId "4157303"]
[BlackFideId "4100654"]
[EventDate "2011.08.12"]

1. d4 Nf6 2. g3 c5 3. d5 e6 4. Nc3 exd5 5. Nxd5 Nxd5 6. Qxd5 Nc6 7. c3 d6 8. Bh3
Ne7 9. Qd3 d5 10. Bg5 f6 11. Be3 Bxh3 12. Nxh3 Qd7 13. Nf4 Qc6 14. O-O O-O-O 15.
b4 c4 16. Qc2 Kb8 17. b5 Qc8 18. Rfb1 g5 19. Nh5 Nf5 20. Nxf6 Nxe3 21. fxe3 Qe6
22. Rf1 Be7 23. Nh5 Qxe3+ 24. Kg2 Rhf8 25. Rad1 h6 26. a4 Bc5 27. Nf6 Qe6 28.
Nh5 Rde8 29. e4 Rxf1 30. Rxf1 Qxe4+ 31. Qxe4 Rxe4 32. Rf5 Re2+ 33. Kh3 Bg1 34.
Rxd5 Rxh2+ 35. Kg4 Rc2 36. Ng7 Rxc3 37. Rd8+ Kc7 38. Ne6+ Kb6 39. Ng7 Rd3 40.
Rc8 c3 41. Ne6 Bf2 42. Kf5 Rxg3 43. Ke5 g4 44. Kf4 h5 45. Ng5 Rd3 46. Ne4 g3 0-1

[Event "Botvinnik 100th Open"]
[Site "St Petersburg RUS"]
[Date "2011.08.13"]
[Round "2"]
[White "Geller, Jakov"]
[Black "Demianjuk, Alexander"]
[Result "1-0"]
[WhiteTitle "IM"]
[WhiteElo "2535"]
[BlackElo "2317"]
[WhiteFideId "4151984"]
[BlackFideId "4134249"]
[EventDate "2011.08.12"]

1. c4 e6 2. Nc3 d5 3. d4 Bb4 4. cxd5 exd5 5. e3 Ne7 6. Bd3 c5 7. dxc5 Nbc6 8.
Nf3 Bxc3+ 9. bxc3 Qa5 10. O-O Qxc5 11. Rb1 a6 12. Qb3 Na5 13. Qb4 Qxb4 14. cxb4
Nc4 15. e4 dxe4 16. Bxe4 Nd6 17. Bd3 Bf5 18. Rb3 O-O 19. Re1 Ng6 20. Bf1 Rfe8
21. Rbe3 Rxe3 22. Bxe3 Be6 23. Bc5 Nf5 24. a4 Nf8 25. g4 Nh6 26. h3 Bb3 27. Nd4
Be6 28. Bg2 Rb8 29. a5 g6 30. Bd6 Rd8 31. Bxf8 Kxf8 32. Nxe6+ fxe6 33. Rxe6 1-0

[Event "Botvinnik 100th Open"]
[Site "St Petersburg RUS"]
[Date "2011.08.13"]
[Round "2"]
[White "Kuznetsov, Nikolay P."]
[Black "Yevseev, Denis"]
[Result "0-1"]
[WhiteTitle "FM"]
[BlackTitle "GM"]
[WhiteElo "2299"]
[BlackElo "2527"]
[WhiteFideId "4175379"]
[BlackFideId "4126378"]
[EventDate "2011.08.12"]

1. d4 Nf6 2. c4 g6 3. Nc3 Bg7 4. e4 d6 5. Be2 O-O 6. Bg5 Na6 7. Qd2 e5 8. dxe5
dxe5 9. Qxd8 Rxd8 10. Nd5 Rd6 11. Bxf6 Bxf6 12. Nxf6+ Rxf6 13. Nf3 Nb4 14. Kf1
Bg4 15. Ne1 Bxe2+ 16. Kxe2 Rd8 17. a3 Nc6 18. Nc2 Nd4+ 19. Nxd4 Rxd4 20. f3 Rxc4
21. Rac1 Rfc6 22. Rxc4 Rxc4 23. Kd3 Rd4+ 24. Ke3 c5 25. Rc1 b6 26. g4 Kf8 27. g5
Ke7 28. h4 Kd6 29. h5 c4 30. hxg6 hxg6 31. Ke2 b5 32. Rh1 Rd3 33. Rh8 Rb3 34.
Rd8+ Kc6 35. Rd2 a5 36. Kf2 a4 37. Ke2 c3 38. bxc3 Rxc3 39. Ra2 Kc5 40. Kf2 Kc4
41. Ra1 Rc2+ 42. Kg3 Kb3 43. Rb1+ Rb2 44. Ra1 b4 45. axb4 a3 46. f4 a2 47. fxe5
Rb1 48. Rxa2 Kxa2 49. e6 fxe6 50. Kf4 Kb3 51. Ke5 Kc4 52. Kf6 Kd4 53. Kxg6 Kxe4
54. Kf6 e5 0-1

[Event "Botvinnik 100th Open"]
[Site "St Petersburg RUS"]
[Date "2011.08.13"]
[Round "2"]
[White "Fedoseev, Vladimir3"]
[Black "Bazeev, German"]
[Result "1/2-1/2"]
[WhiteTitle "GM"]
[WhiteElo "2520"]
[BlackElo "2312"]
[WhiteFideId "24130737"]
[BlackFideId "24119350"]
[EventDate "2011.08.12"]

1. d4 d5 2. Nf3 Nf6 3. c4 e6 4. g3 Bb4+ 5. Bd2 Be7 6. Bg2 O-O 7. O-O c6 8. Qc2
Nbd7 9. Rd1 b6 10. Bf4 Ba6 11. Ne5 Nxe5 12. dxe5 Nd7 13. cxd5 cxd5 14. e4 Rc8
15. Nc3 d4 16. Rxd4 Qc7 17. Rad1 Rfd8 18. h4 h6 19. h5 Bc5 20. R4d2 Be7 21. Bf3
Bb7 22. Qa4 Bc6 23. Qd4 Bc5 24. Qc4 Qb7 25. b4 b5 26. Qb3 Bf8 27. Qb2 Re8 28. a4
Nb6 29. axb5 Bxb5 30. Qa1 Bc4 31. Rb1 Rcd8 32. Rxd8 Rxd8 33. Be3 Qc7 34. Qa5 Rd7
35. Rc1 Qd8 36. Na4 Nxa4 37. Qxa4 Bd3 38. Bxa7 Bb5 39. Qxb5 Rxa7 40. Rb1 Qd4 41.
Rd1 Ra1 42. Rxa1 Qxa1+ 43. Kg2 Qb2 44. Be2 Qxb4 45. Qd3 Qa3 46. Qd1 Qc3 47. f4
Qe3 48. Bf3 Qc5 49. Kh3 Qe3 50. Bg2 Bb4 51. Qg4 Be1 52. Bf3 Bc3 53. f5 exf5 54.
Qxf5 Bxe5 55. Qc8+ Kh7 56. Qf5+ Kg8 57. Qc8+ Kh7 1/2-1/2

[Event "Botvinnik 100th Open"]
[Site "St Petersburg RUS"]
[Date "2011.08.13"]
[Round "2"]
[White "Ivkina, Olga"]
[Black "Kabanov, Nikolai"]
[Result "0-1"]
[WhiteTitle "WIM"]
[BlackTitle "GM"]
[WhiteElo "2294"]
[BlackElo "2520"]
[WhiteFideId "4156820"]
[BlackFideId "4127820"]
[EventDate "2011.08.12"]

1. e4 c5 2. Nf3 e6 3. d4 cxd4 4. Nxd4 Nf6 5. Bd3 Nc6 6. Nxc6 dxc6 7. O-O e5 8.
Qe2 Bc5 9. Be3 Qb6 10. Bxc5 Qxc5 11. Kh1 O-O 12. Nd2 Rd8 13. f4 Bg4 14. Qf2 Qxf2
15. Rxf2 exf4 16. Rxf4 Be2 17. Bxe2 Rxd2 18. Bd3 Nd7 19. Kg1 Ne5 20. Rf2 Rxf2
21. Kxf2 Rd8 22. Ke3 Kf8 23. Be2 Ke7 24. b4 Rd6 25. h3 Rg6 26. g4 Rh6 27. Kf4
Nd7 28. Rh1 Rf6+ 29. Ke3 g5 30. h4 Rh6 31. h5 Rf6 32. Rf1 Rxf1 33. Bxf1 h6 34.
Kd4 f6 35. c4 c5+ 36. bxc5 Ne5 37. Be2 Nc6+ 38. Ke3 Ke6 39. Bd1 Ke5 40. Be2 Nb4
41. a3 Na6 42. Bd3 Nxc5 43. Bc2 b6 44. Bd1 Nb7 45. Bc2 Nd6 46. Bd3 a5 47. a4 Nb7
48. Bb1 Nd8 49. Bd3 Nc6 50. Be2 Ke6 51. Bf1 Kd6 52. Be2 Kc5 53. e5 fxe5 54. Ke4
Nd4 55. Bd3 Kd6 56. c5+ bxc5 57. Bc4 Nc2 58. Bg8 Na3 59. Kd3 c4+ 60. Kc3 Kc5 61.
Bh7 Kd5 62. Kb2 e4 0-1

[Event "Botvinnik 100th Open"]
[Site "St Petersburg RUS"]
[Date "2011.08.13"]
[Round "2"]
[White "Turikov, Viktor"]
[Black "Neverov, Valeriy"]
[Result "0-1"]
[WhiteTitle "FM"]
[BlackTitle "GM"]
[WhiteElo "2291"]
[BlackElo "2500"]
[WhiteFideId "4107810"]
[BlackFideId "14100150"]
[EventDate "2011.08.12"]

1. b3 Nf6 2. Bb2 e6 3. Nf3 b6 4. e3 Bb7 5. c4 d5 6. Be2 Nbd7 7. O-O Bd6 8. d4
O-O 9. Nc3 c5 10. cxd5 exd5 11. Rc1 Rc8 12. Re1 Re8 13. Bb5 a6 14. Bxd7 Qxd7 15.
Na4 Qd8 16. Rc2 c4 17. Nc3 b5 18. a3 Qe7 19. b4 Ne4 20. g3 Ra8 21. Nh4 Qd7 22.
f3 Ng5 23. g4 a5 24. Na2 axb4 25. Nxb4 Ra4 26. Qd2 Qe7 27. Qg2 Bxb4 28. Nf5 Bxe1
29. Nxe7+ Rxe7 30. Re2 Ba5 31. h4 Ne6 32. f4 c3 33. Bc1 b4 34. axb4 Bxb4 35. Ra2
Nxf4 36. Qh2 Rxa2 37. Qxa2 Nd3 38. Qb1 Ba6 39. Qa2 Ra7 40. Qxd5 Nxc1 41. Qc6 h6
42. Qb6 c2 43. Qxa7 Ne2+ 44. Kf2 c1=Q 45. Qxa6 Qe1+ 46. Kf3 Qf1+ 0-1

[Event "Botvinnik 100th Open"]
[Site "St Petersburg RUS"]
[Date "2011.08.13"]
[Round "2"]
[White "Levin, Evgeny A."]
[Black "Krivonos, Nikolay"]
[Result "1/2-1/2"]
[WhiteTitle "GM"]
[WhiteElo "2465"]
[BlackElo "2296"]
[WhiteFideId "4182596"]
[BlackFideId "4154568"]
[EventDate "2011.08.12"]

1. d4 f5 2. c4 g6 3. Nf3 Nf6 4. g3 Bg7 5. Bg2 O-O 6. O-O d6 7. Nc3 Qe8 8. d5 Na6
9. Rb1 Nc5 10. Nd4 Bd7 11. b3 c6 12. Bb2 Rc8 13. Nf3 a6 14. b4 Nce4 15. Nxe4
Nxe4 16. Bxg7 Kxg7 17. Qd4+ Kg8 18. c5 Qf7 19. dxc6 Bxc6 20. cxd6 exd6 21. Qb2
Bd5 22. a3 Rc7 23. Rfd1 h6 24. Rbc1 Rfc8 25. e3 Bb3 26. Rxc7 Rxc7 27. Rc1 Rxc1+
28. Qxc1 Qc4 29. Qb2 Qd3 30. Bf1 Qd1 31. Kg2 Bd5 32. Be2 Qa4 33. Kg1 Qd7 34. Nd2
Nxd2 35. Qxd2 Qe6 36. f3 h5 37. h4 Kh7 38. Kf2 Bc4 39. Bd1 Bb3 40. Be2 Bc4 41.
Qc2 b5 42. Bxc4 bxc4 43. Ke2 d5 44. Qc3 f4 45. gxf4 Qh3 46. Qf6 Qg2+ 47. Ke1
Qxf3 48. Qf7+ Kh6 49. Qf8+ Kh7 50. Qf7+ 1/2-1/2

[Event "Botvinnik 100th Open"]
[Site "St Petersburg RUS"]
[Date "2011.08.13"]
[Round "2"]
[White "Donskov, Anatoly"]
[Black "Rozum, Ivan"]
[Result "1/2-1/2"]
[BlackTitle "IM"]
[WhiteElo "2267"]
[BlackElo "2464"]
[WhiteFideId "24143413"]
[BlackFideId "24104272"]
[EventDate "2011.08.12"]

1. e4 c5 2. Nf3 e6 3. d4 cxd4 4. Nxd4 a6 5. Nc3 Qc7 6. Be2 b5 7. O-O b4 8. Na4
Bb7 9. Bf3 Nc6 10. c3 Nf6 11. cxb4 Bxb4 12. Be3 Bd6 13. h3 Ne5 14. Rc1 Qb8 15.
Nb6 Ra7 16. Nc8 Ra8 17. Nxd6+ Qxd6 18. Nb5 Nxf3+ 19. gxf3 Qxd1 20. Nc7+ Kd8 21.
Rfxd1 Rc8 22. Bb6 Ke7 23. Bc5+ Kd8 24. Bb6 Ke7 25. Bc5+ Kd8 26. Bb6 Ke7 27. Bc5+
Kd8 1/2-1/2

[Event "Botvinnik 100th Open"]
[Site "St Petersburg RUS"]
[Date "2011.08.13"]
[Round "2"]
[White "Korchmar, Vasiliy"]
[Black "Polivanov, Anatoliy"]
[Result "0-1"]
[BlackTitle "IM"]
[WhiteElo "2262"]
[BlackElo "2435"]
[WhiteFideId "24131750"]
[BlackFideId "14109468"]
[EventDate "2011.08.12"]

1. e4 e6 2. d4 d5 3. Nd2 Nf6 4. e5 Nfd7 5. Bd3 c5 6. c3 Nc6 7. Ne2 cxd4 8. cxd4
f6 9. Nf4 Nxd4 10. Qh5+ Ke7 11. exf6+ Nxf6 12. Ng6+ hxg6 13. Qxh8 Kf7 14. O-O e5
15. Nb3 Nf5 16. Bg5 Qb6 17. Rfe1 Ng4 18. Re2 e4 19. Bc2 Be6 20. Rd1 Rc8 21. Qh3
Bd6 22. Be3 Ngxe3 23. fxe3 Nd4 24. Rf2+ Kg8 25. Nxd4 Bxh3 26. gxh3 Rf8 27. Rxf8+
Kxf8 28. Bb3 Ke7 29. Rd2 Qa5 30. Rd1 Bb8 31. Kh1 Qc7 32. Rd2 Qc1+ 33. Rd1 Qxe3 0-1

[Event "Botvinnik 100th Open"]
[Site "St Petersburg RUS"]
[Date "2011.08.13"]
[Round "2"]
[White "Efanov, Nikolai"]
[Black "Tarasova, Viktoriya"]
[Result "1-0"]
[WhiteTitle "IM"]
[BlackTitle "WIM"]
[WhiteElo "2423"]
[BlackElo "2290"]
[WhiteFideId "4187997"]
[BlackFideId "4175840"]
[EventDate "2011.08.12"]

1. Nc3 d5 2. e4 d4 3. Nce2 c5 4. Ng3 g6 5. Bc4 Bg7 6. d3 Nc6 7. a3 Nf6 8. Bd2
O-O 9. b4 a5 10. bxc5 Nd7 11. h4 Nxc5 12. h5 Be6 13. Bxe6 Nxe6 14. hxg6 fxg6 15.
Qg4 Qd6 16. N1e2 Rf7 17. f4 Nf8 18. O-O e6 19. e5 Qc5 20. Ra2 Rc7 21. Ne4 Qe7
22. Rb1 h6 23. Nd6 Rd7 24. Nc4 Ra7 25. Rab2 a4 26. Ng3 h5 27. Qf3 Nh7 28. Ne4
Bf8 29. Ned6 Qg7 30. Nxb7 Raxb7 31. Qxc6 1-0

[Event "Botvinnik 100th Open"]
[Site "St Petersburg RUS"]
[Date "2011.08.13"]
[Round "2"]
[White "Tsydypov, Zhamsaran"]
[Black "Lanin, Alexsej"]
[Result "1-0"]
[BlackTitle "IM"]
[WhiteElo "2247"]
[BlackElo "2423"]
[WhiteFideId "4108566"]
[BlackFideId "4154959"]
[EventDate "2011.08.12"]

1. e4 c5 2. Nf3 d6 3. d4 cxd4 4. Nxd4 Nf6 5. Nc3 a6 6. Be2 e5 7. Nb3 Be7 8. O-O
O-O 9. Re1 Be6 10. Bf3 Nbd7 11. a4 Qc7 12. Nd2 Qc6 13. Nf1 b5 14. Ne3 Rfb8 15.
Ncd5 Bxd5 16. exd5 Qb7 17. a5 g6 18. b3 Rc8 19. Bb2 Bf8 20. g3 Bh6 21. Bg2 Rc7
22. Ba3 Bxe3 23. Rxe3 b4 24. Bb2 Rac8 25. Re2 Rc5 26. f4 Qc7 27. fxe5 Nxe5 28.
Bxe5 dxe5 29. d6 Qa7 30. Kh1 Rd8 31. Qg1 Nd7 32. c4 Qb8 33. Rd2 Re8 34. Bd5 Kg7
35. Qg2 e4 36. Rf1 f5 37. g4 e3 38. Re2 Nf6 39. d7 Rf8 40. Rxe3 Nxd5 41. cxd5
Qd6 42. gxf5 Qxd7 43. Re5 Rxa5 44. Qe4 Qd6 45. Qd4 Kg8 46. f6 h5 47. Qa7 1-0

[Event "Botvinnik 100th Open"]
[Site "St Petersburg RUS"]
[Date "2011.08.13"]
[Round "2"]
[White "Martynov, Pavel2"]
[Black "Yaksin, Oleg"]
[Result "1/2-1/2"]
[WhiteElo "2237"]
[BlackElo "2414"]
[WhiteFideId "4122186"]
[BlackFideId "24105880"]
[EventDate "2011.08.12"]

1. d4 Nf6 2. c4 e6 3. Nc3 Bb4 4. e3 c5 5. Ne2 cxd4 6. exd4 d5 7. a3 Be7 8. cxd5
Nxd5 9. Nxd5 Qxd5 10. Nf4 Qa5+ 11. Bd2 Qd8 12. Bc3 O-O 13. Bd3 Bg5 14. Nh5 f5
15. O-O g6 16. Ng3 Nd7 17. d5 exd5 18. Bc2 Nb6 19. Bb3 Bf6 20. Re1 Bxc3 21. bxc3
Kg7 22. Qd4+ Qf6 23. Re7+ Rf7 24. Rxf7+ Kxf7 25. Bxd5+ Nxd5 26. Qxd5+ Qe6 27.
Qd4 Bd7 28. Rd1 Bc6 29. h4 Re8 30. h5 Qf6 31. Qc4+ Kg7 32. Qf4 Qe5 33. h6+ Kf6
34. Rd6+ Kf7 35. Qc4+ Kf8 36. Rd1 f4 37. Nf1 Qg5 38. Qb4+ Kf7 39. Qc4+ Re6 40.
f3 Qxh6 41. Nh2 b5 42. Qd4 Qg5 43. Qxa7+ Re7 44. Qb6 Qf6 45. Qc5 Re5 46. Qa7+
Qe7 47. Qb8 h5 48. Qh8 Rd5 49. Rxd5 Bxd5 50. Nf1 Bc4 51. Qd4 Qe1 52. Qxf4+ Kg8
53. Qb8+ Kg7 54. Qa7+ Kg8 55. Qb8+ 1/2-1/2